000 01930nas a2200277Ia 4500
001 R050-R1096
003 IT-CnALBA
008 170116c99999999xx |||||||||||| ||und||
040 _aIT-CnALBA
_cIT-CnALBA
041 _aFRANCESE
100 _aBONNICHON ANDRÈ
210 _aETUDES
222 _aETUDES
245 0 _aETUDES. N. VI. (CCCV). ANNO 1960.
250 _a1a ed.
260 _aPARIS
_bFIRMIN DIDOT & C. TIPOGR. EURE
_c1960
300 _a144 p.
310 _aMENSILE
362 _aFascicolo: 6/305 / (1960)
500 _aCHIESA E ANNESSIONE DELLA SAVOIA ALLA FRANCIA. SOCIALISMO. ENERGIA. ALBERTO CAMUS. TRAGEDIA NEL SUDAFRICA. RAPPORTI TURCO RUSSI. MEMORIA ED ETERNITÀ. MESSAGGI E DISCORSI DI PAPA GIOVANNI XXIII. LETTERA DELL'EPISCOPATO ITALIANO. INSEGNAMENTO RELIGIOSO. ASSEMBLEA PLENARIA DEI VESCOVI FRANCESI. SACERDOZIO ALLE DONNE. ARTE E TECNICA AL MUSEO DELL'UOMO. COMUNISMO NEL MADAGASCAR. RECENSIONI LIBRARIE, RELIGIONE STORIA BIOGRAFIE GEOGRAFIA E VIAGGI LETTERATURA ECONOMIA SOCIOLOGIA ROMANZI. RASSEGNA BIBLIOGRAFICA. LIBRI IN VISIONE. DANIEL ROPS. RUSSO F. GHALEUR P. RONDOT P. LARUE L. G. A.
501 _aSocietà San Paolo EM - Piazza San Paolo, 14 - 12051 ALBA (CN) (non commercial uses only) ® Copyright 2017
520 _aCHIESA E ANNESSIONE DELLA SAVOIA ALLA FRANCIA. SOCIALISMO. ENERGIA. ALBERTO CAMUS. TRAGEDIA NEL SUDAFRICA. RAPPORTI TURCO RUSSI. MEMORIA ED ETERNITÀ. MESSAGGI E DISCORSI DI PAPA GIOVANNI XXIII. LETTERA DELL'EPISCOPATO ITALIANO. INSEGNAMENTO RELIGIOSO. ASSEMBLEA PLENARIA DEI VESCOVI FRANCESI. SACERDOZIO ALLE DONNE. ARTE E TECNICA AL MUSEO DELL'UOMO. COMUNISMO NEL MADAGASCAR. RECENSIONI LIBRARIE, RELIGIONE STORIA BIOGRAFIE GEOGRAFIA E VIAGGI LETTERATURA ECONOMIA SOCIOLOGIA ROMANZI. RASSEGNA BIBLIOGRAFICA. LIBRI IN VISIONE. DANIEL ROPS. RUSSO F. GHALEUR P. RONDOT P. LARUE L. G. A.
650 _aMISCELLANEA DI RELIGIONE
942 _cCR
957 _71
999 _a11073
_bNO
_g1
_c319552
_d319552